00587cas a2200169 4500008004100000022001400041035002000055050001300075245004300088260008000131310001500211362004300226520006000269650001200329780005700341999001900398150326n eng u a0020-8590 a(Sirsi) a189106 aHN1.I5R4 aINTERNATIONAL REVIEW OF SOCIAL HISTORY aAmsterdam b The Internationaal Instituut Voor Sociale Geschiedenis c 2015 aQuarterly. aVol.1, No.1, 1956 - Vol.60, No.1, 2015 aIt covers a very wide variety of social history issues. aHistory aInternational Institute for Social History Bulleting c125138d125138